000 01033cam a2200301 4500
001 191863
003 SpMaBN
005 20250823063133.0
008 221017s1997 sp | o||| ||spa
016 7 _abimoBNE19981112353 [
_2SpMaBN]
017 _aM 30584-1997
_bOficina Depósito Legal Madrid
020 _a84-88699-28-X
024 7 _aNIPO 306-97-004-6
_2nipo
035 _a(OCoLC)431519289
040 _aSpMaBN
_bspa
_cSpMaBN
_erdc
080 _a74:069.5(460)
080 _a76:069.5(460)
100 1 _aSantiago Páez, Elena
_9103409
245 1 0 _aGuía de las colecciones públicas de dibujos y grabados en España /
_cElena Santiago Páez.
260 _aMadrid :
_bBiblioteca Nacional,
_c1997.
300 _a306 p. ;
_c28 cm.
650 7 _aDibujo-
_xColecciones-
_zEspaña
_2
_9175572
650 7 _aGrabado-
_xColecciones-
_zEspaña
_2
_9175573
710 2 _aBiblioteca Nacional (España)
_92188
852 4 _aES-MaACL
_jA-15127
_9 199145
_cDEPO1
_dOlim: 74 SAN gui
942 _2udc
999 _c191863
_d191863